书目信息 |
| 题名: |
中原文化概论
|
|
| 作者: | 贾文丰 主编 | |
| 分册: | ||
| 出版信息: | 郑州 中州古籍出版社 2017.03 |
|
| 页数: | 359页 | |
| 开本: | 24cm | |
| 丛书名: | ||
| 单 册: | ||
| 中图分类: | K296.1 | |
| 科图分类: | ||
| 主题词: | 文化史--河南 | |
| 电子资源: | ||
| ISBN: | 978-7-5348-6916-7 | |
| 000 | 00804nam0 2200253 450 | |
| 001 | 008981000 | |
| 005 | 20170911161354.14 | |
| 010 | @a978-7-5348-6916-7@dCNY29.00 | |
| 100 | @a20170410d2017 em y0chiy50 ea | |
| 101 | 0 | @achi |
| 102 | @aCN@b410000 | |
| 105 | @ay z 000yy | |
| 106 | @ar | |
| 200 | 1 | @a中原文化概论@9zhong yuan wen hua gai lun@f贾文丰主编 |
| 205 | @a修订本 | |
| 210 | @a郑州@c中州古籍出版社@d2017.03 | |
| 215 | @a359页@d24cm | |
| 330 | @a本书分十四章,内容包括:总述、中原文化的典型区域形态、中原文化的主要文艺载体、中原道家文化、中原儒家文化、中原法家文化、中原佛教文化等。 | |
| 333 | @a文化史爱好者 | |
| 606 | 0 | @a文化史@y河南 |
| 690 | @aK296.1@v5 | |
| 701 | 0 | @a贾文丰@9jia wen feng@f(1953-)@4主编 |
| 801 | 0 | @aCN@bNLC@c20170606 |
| 905 | @b1061512-17@dK296.1@e349=2@f6 | |
| 中原文化概论/贾文丰主编.-修订本.-郑州:中州古籍出版社,2017.03 |
| 359页;24cm |
| 使用对象:文化史爱好者 |
| ISBN 978-7-5348-6916-7:CNY29.00 |
| 本书分十四章,内容包括:总述、中原文化的典型区域形态、中原文化的主要文艺载体、中原道家文化、中原儒家文化、中原法家文化、中原佛教文化等。 |
| ● |
| 相关链接 |
|
|
|
|
正题名:中原文化概论
索取号:K296.1/349=2
 
预约/预借
| 序号 | 登录号 | 条形码 | 馆藏地/架位号 | 状态 | 备注 |
| 1 | 1061512 | 210615128 | 第二样本阅览室/ [索取号:K296.1/349=2] | 在馆 | |
| 2 | 1061513 | 210615137 | 第二借阅区/ [索取号:K296.1/349=2] | 在馆 | |
| 3 | 1061514 | 210615146 | 第二借阅区/ [索取号:K296.1/349=2] | 在馆 | |
| 4 | 1061515 | 210615155 | 第二借阅区/ [索取号:K296.1/349=2] | 在馆 | |
| 5 | 1061516 | 210615164 | 第二借阅区/ [索取号:K296.1/349=2] | 在馆 | |
| 6 | 1061517 | 210615173 | 密集书库-史法系/ [索取号:K296.1/349=2] | 在馆 |